<?xml version="1.0" encoding="UTF-8"?><?xml-stylesheet type="text/xsl" href="static/style.xsl"?><OAI-PMH xmlns="http://www.openarchives.org/OAI/2.0/" xmlns:xsi="http://www.w3.org/2001/XMLSchema-instance" xsi:schemaLocation="http://www.openarchives.org/OAI/2.0/ http://www.openarchives.org/OAI/2.0/OAI-PMH.xsd"><responseDate>2026-04-17T03:17:57Z</responseDate><request verb="GetRecord" identifier="oai:www.recercat.cat:2072/439621" metadataPrefix="marc">https://recercat.cat/oai/request</request><GetRecord><record><header><identifier>oai:recercat.cat:2072/439621</identifier><datestamp>2025-05-02T02:37:26Z</datestamp><setSpec>com_2072_98</setSpec><setSpec>col_2072_378192</setSpec></header><metadata><record xmlns="http://www.loc.gov/MARC21/slim" xmlns:dcterms="http://purl.org/dc/terms/" xmlns:xsi="http://www.w3.org/2001/XMLSchema-instance" xmlns:doc="http://www.lyncode.com/xoai" xsi:schemaLocation="http://www.loc.gov/MARC21/slim http://www.loc.gov/standards/marcxml/schema/MARC21slim.xsd">
   <leader>00925njm 22002777a 4500</leader>
   <datafield ind2=" " ind1=" " tag="042">
      <subfield code="a">dc</subfield>
   </datafield>
   <datafield ind2=" " ind1=" " tag="720">
      <subfield code="a">Muntanyola-Saura, Dafne</subfield>
      <subfield code="e">author</subfield>
   </datafield>
   <datafield ind2=" " ind1=" " tag="260">
      <subfield code="c">2014</subfield>
   </datafield>
   <datafield ind2=" " ind1=" " tag="520">
      <subfield code="a">Este artículo presenta un análisis sociológico del discurso profesional el campo de la danza y de un equipo de rodaje televisivo realizadas entre 2006 y 2012 en San Diego, Londres y Barcelona. El trabajo artístico se produce dentro de una determinada distribución de capitales simbólicos, eminentemente lingüísticos. Este juego comunicativo se basa en una cadena de microdecisiones y de negociación de la incertidumbre en la carrera profesional. La hipótesis que se plantea es que el discurso profesional esconde los procesos intersubjetivos que se encuentran en la base del la autoridad artística. Los datos se compone de 40 entrevistas semi-estructuradas. Mediante un análisis temático de contenido y el uso de ATLAS.ti, hemos definido los elementos comunicativos que caracterizan la tomas de decisión artísticas. Parece que el habitus artístico surge del ejercicio cotidiano de la violencia simbólica que configura la identidad profesional de los directores/coreógrafos en oposición a sus colaboradores.</subfield>
   </datafield>
   <datafield tag="653" ind2=" " ind1=" ">
      <subfield code="a">Distinción</subfield>
   </datafield>
   <datafield tag="653" ind2=" " ind1=" ">
      <subfield code="a">Autoridad</subfield>
   </datafield>
   <datafield tag="653" ind2=" " ind1=" ">
      <subfield code="a">Recursos cognitivos</subfield>
   </datafield>
   <datafield tag="653" ind2=" " ind1=" ">
      <subfield code="a">Habitus</subfield>
   </datafield>
   <datafield tag="653" ind2=" " ind1=" ">
      <subfield code="a">ATLAS</subfield>
   </datafield>
   <datafield tag="653" ind2=" " ind1=" ">
      <subfield code="a">Arte</subfield>
   </datafield>
   <datafield tag="653" ind2=" " ind1=" ">
      <subfield code="a">Bourdieu, Pierre</subfield>
   </datafield>
   <datafield ind2="0" ind1="0" tag="245">
      <subfield code="a">Palabra de artista : los recursos discursivos de la autoridad artística</subfield>
   </datafield>
</record></metadata></record></GetRecord></OAI-PMH>